[Event "XI Memorial Gino Serafini"]
[Site "?"]
[Date "2024.09.28"]
[Round "2"]
[White "Sciole', Narciso"]
[Black "Di Mantino, Mauro"]
[Result "1-0"]
[WhiteElo "1719"]
[BlackElo "1972"]
[PlyCount "65"]
[EventDate "2024.??.??"]
[SourceVersionDate "2024.10.10"]

1. d4 e6 2. Nf3 f5 3. g3 Nf6 4. Bg2 d5 5. O-O Bd6 6. c4 c6 7. Nc3 O-O 8. cxd5 exd5 9. Ne5 Qe7 10. f4 Bd7 11. e3 Be8 12. Bf3 Kh8 13. Bd2 Rg8 14. Kh1 Na6 15. a3 Nc7 16. Rc1 Ne6 17. b4 Ne4 18. Nxe4 dxe4 19. Bh5 Bxe5 20. fxe5 Bxh5 21. Qxh5 g6 22. Qd1 Raf8 23. b5 Qxa3 24. bxc6 bxc6 25. Rxc6 Ng5 26. d5 Nf3 27. Bc3 h5 28. Rc7 Rc8 29. e6+ Qxc3 30. Rxc3 Rxc3 31. Rxf3 exf3 32. Qd4+ Kh7 33. Qxc3 1-0